[Event "Druzynowe Mistrzostwa Polski Juniorow 2019 - II Liga"]
[Site "Szczyrk"]
[Date "1899-12-30"]
[Round "5.69"]
[White "Zdybel, Przemyslaw"]
[Black "Skrzypinski, Jan"]
[Result "1-0"]
[WhiteTitle "I"]
[BlackTitle "I"]
[WhiteElo "1710"]
[BlackElo "1400"]

1. e4 c5 2. Nf3 d6 3. d4 cxd4 4. Nxd4 Nf6 5. Nc3 a6 6. Be3 e5 7. Nb3 Be6 8. f3
Be7 9. Qd2 Nbd7 10. O-O-O O-O 11. g4 b5 12. g5 b4 13. Ne2 Ne8 14. f4 a5 15. f5
a4 16. fxe6 axb3 17. cxb3 fxe6 18. Kb1 Qa5 19. Nc1 Rf3 20. Be2 Rf7 21. Rhg1 g6
22. h4 Bf8 23. h5 Bg7 24. hxg6 hxg6 25. Rh1 Nf8 26. Bc4 Rd7 27. Qf2 Qd8 28. Bb5
Re7 29. Qd2 Nc7 30. Bc6 Rc8 31. Qxd6 Qxd6 32. Rxd6 Ne8 33. Bxe8 Rexe8 34. Rhd1
Re7 35. Nd3 Rd7 36. Nxb4 Rb7 37. Na6 Re8 38. Nc5 Rbe7 39. a4 Ra8 40. b4 Rb8 41.
b5 Ra7 42. b3 Re7 43. Kb2 Kf7 44. Kc3 Ke8 45. b6 Kf7 46. b7 Rexb7 47. Nxb7 Rxb7
48. b4 Ke7 49. b5 Nd7 50. Kb4 Bf8 51. Ka5 Ke8 52. Rc6 Rb8 53. b6 Ra8+ 54. Kb5
Ke7 55. Rc7 Rd8 56. Bc5+ Ke8 57. Bxf8 Nxf8 58. Rxd8+ Kxd8 59. Kc6 Ke8 60. Rc8+
Ke7 61. Rxf8 1-0

[Event "Druzynowe Mistrzostwa Polski Juniorow 2019 - II Liga"]
[Site "Szczyrk"]
[Date "1899-12-30"]
[Round "5.70"]
[White "Kaczmarek, Jan"]
[Black "Wieckowski, Michal"]
[Result "0-1"]
[WhiteTitle "II"]
[BlackTitle "II+"]
[WhiteElo "1000"]
[BlackElo "1383"]

1. d4 f5 2. c4 d6 3. Nf3 g6 4. e3 Bg7 5. Nc3 Nf6 6. Be2 O-O 7. O-O Qe8 8. Nb5 Na6
9. Qc2 c6 10. Nc3 Nc7 11. b3 e5 12. Ba3 Ne4 13. dxe5 Bxe5 14. Nxe5 Qxe5 15. Nxe4
fxe4 16. Rad1 Rd8 17. Rd4 d5 18. Rfd1 Be6 19. Bb2 Qf5 20. cxd5 Bxd5 21. Bc4 Ne6
22. Bxd5 cxd5 23. Rb4 Rac8 24. Qd2 b6 25. Rb5 Nc7 26. Qd4 Kf7 27. Rb4 Ne6 28.
Qd2 Nc5 29. Rc1 Nd3 30. Rxc8 Rxc8 31. Rd4 Rc7 32. f3 Ke6 33. Qe2 Nxb2 34. Qxb2
exf3 35. Rf4 Rc2 36. Rxf5 Rxb2 37. Rxf3 Rxa2 38. Rf8 Rb2 39. Re8+ Kf5 40. Rh8
h5 41. Rf8+ Ke4 42. Re8+ Kd3 43. Rg8 Kxe3 44. h3 d4 45. Rxg6 Rb1+ 46. Kh2 d3 47.
g4 hxg4 48. Re6+ Kf4 49. Rd6 Rb2+ 50. Kg1 d2 51. Kf1 gxh3 52. Ke2 h2 53. Rh6 d1=Q+
54. Kxd1 h1=Q+ 55. Rxh1 Rb1+ 56. Kc2 Rxh1 0-1

[Event "Druzynowe Mistrzostwa Polski Juniorow 2019 - II Liga"]
[Site "Szczyrk"]
[Date "1899-12-30"]
[Round "5.71"]
[White "Wolszczak, Natalia"]
[Black "Niemier, Martyna"]
[Result "1-0"]
[WhiteTitle "I"]
[BlackTitle "II"]
[WhiteElo "1217"]
[BlackElo "1163"]

1. e4 e6 2. d4 d5 3. Nc3 Nf6 4. Bg5 Be7 5. e5 Nfd7 6. Bxe7 Qxe7 7. Bd3 h6 8. f4
a6 9. Qg4 O-O 10. Nf3 f5 11. Qh3 c5 12. Rg1 Nc6 13. g4 fxg4 14. Rxg4 c4 15. Be2
Nb4 16. O-O-O Qf7 17. Qxh6 Nf6 18. exf6 Qxf6 19. Qxf6 Rxf6 20. Rdg1 Rf7 21. Ne5
Re7 22. Rg6 Nc6 23. Nxc6 bxc6 24. Na4 Rb8 25. Nc5 e5 26. fxe5 Bf5 27. R6g5 Be4
28. Nxe4 dxe4 29. Bxc4+ Kf8 30. Rf5+ Ke8 31. Rgf1 Kd7 32. Rf7 g6 33. Rxe7+ Kxe7
34. Rf7+ Ke8 35. Rg7 a5 36. Rg8+ Kd7 37. Rxb8 c5 38. c3 e3 39. Be2 c4 40. d5 a4
41. Rb7+ Kc8 42. Rg7 a3 43. bxa3 g5 44. e6 1-0

[Event "Druzynowe Mistrzostwa Polski Juniorow 2019 - II Liga"]
[Site "Szczyrk"]
[Date "1899-12-30"]
[Round "5.72"]
[White "Gac-mytych, Sara"]
[Black "Czarkowska, Dalia"]
[Result "1-0"]
[WhiteTitle "II"]
[BlackTitle "II+"]
[WhiteElo "1043"]
[BlackElo "1000"]

1. e4 e5 2. Nf3 Nc6 3. Bc4 Bc5 4. c3 d6 5. d4 exd4 6. cxd4 Bb4+ 7. Nc3 Nf6 8. Bg5
Bg4 9. Bb5 Bd7 10. O-O Bxc3 11. bxc3 Qe7 12. Re1 Qf8 13. e5 dxe5 14. Nxe5 O-O-O
15. Nxd7 Rxd7 16. Bxc6 bxc6 17. Qa4 Rd6 18. Qa6+ Kd7 19. Qxa7 h6 20. Bf4 Ng4 21.
h3 Nf6 22. Bxd6 Qxd6 23. Qc5 g6 24. Qxd6+ cxd6 25. c4 h5 26. a4 Ra8 27. a5 Ra6
28. f3 Nh7 29. d5 c5 30. Reb1 Kc7 31. Kf2 Nf8 32. Ke3 Nd7 33. f4 f6 34. g4 f5
35. gxf5 gxf5 36. Rg1 Ra8 37. a6 Ra7 38. h4 Nb6 39. Rg7+ Kb8 40. Rxa7 Kxa7 41.
Kd3 Nc8 42. Rg1 Kxa6 43. Rg5 Kb7 44. Rxh5 Kc7 45. Rxf5 Kd7 46. h5 Ke8 47. h6 Ne7
48. Rg5 Kf7 49. Rg7+ Kf6 50. Rxe7 Kxe7 51. h7 Kf7 52. h8=Q Kg6 53. Qf8 Kh7 54.
Qf5+ Kg7 55. Qe6 Kh7 56. f5 Kh8 57. Qd7 Kg8 58. f6 Kf8 59. Qe7+ Kg8 60. Qg7# 1-0

[Event "Druzynowe Mistrzostwa Polski Juniorow 2019 - II Liga"]
[Site "Szczyrk"]
[Date "1899-12-30"]
[Round "5.73"]
[White "Kucharski, Bartlomiej"]
[Black "Grzegorski, Michal"]
[Result "0-1"]
[WhiteTitle "I++"]
[BlackTitle "I"]
[WhiteElo "1952"]
[BlackElo "1763"]

1. e4 c5 2. Nf3 d6 3. Bb5+ Nc6 4. d4 cxd4 5. Qxd4 Bd7 6. Bxc6 Bxc6 7. Nc3 Nf6 8.
Bg5 Qa5 9. O-O-O h6 10. Bxf6 gxf6 11. Qd3 e6 12. Nd4 Rc8 13. f4 a6 14. Kb1 Rg8
15. e5 fxe5 16. fxe5 Qxe5 17. Rhe1 Qf6 18. Nxc6 Rxc6 19. Nd5 Qg6 20. Qb3 Kd8 21.
Nf4 Qf5 22. g3 Kc7 23. Ne2 Bg7 24. Rf1 Qg6 25. Nf4 Qe4 26. Rde1 Qc4 27. Qxc4 Rxc4
28. Nh5 Be5 29. Rxf7+ Kc6 30. c3 Rg5 31. Nf4 Bxf4 32. gxf4 Rf5 33. Rh7 Rf6 34.
Rf1 e5 35. f5 Rf4 36. Rxf4 exf4 37. Kc2 Rxf5 38. Kd2 Rh5 39. Rf7 Rxh2+ 40. Kd3
Rxb2 41. Rxf4 Rh2 42. Rf6 h5 43. Rh6 h4 44. a4 h3 45. Rh5 Rh1 46. Kc2 h2 47. Kb2
d5 48. Ka2 Kc5 49. Rh4 Kd6 50. Rh5 Ke6 51. a5 Kf6 52. Kb2 Kg6 53. Rh8 Kf5 54.
Rh4 Kg5 55. Rh7 Kg4 56. Rh8 Kg3 57. Rg8+ Kf3 58. Rf8+ Ke3 59. Rh8 Kd3 60. Rh4
Rd1 61. Rh3+ Kc4 62. Rxh2 Rd3 63. Rh4+ d4 64. cxd4 Rb3+ 65. Kc2 Rb5 66. Rh7 Kxd4
67. Rg7 Kc4 68. Rg4+ Kc5 69. Ra4 Rb4 70. Ra2 Kb5 71. Kc3 Ra4 72. Rb2+ Kc6 73.
Rb6+ Kc7 74. Kb3 Rxa5 75. Rh6 Rc5 76. Kb4 Rc6 77. Rh7+ Kb6 78. Rg7 a5+ 79. Ka4
Ka6 80. Rg5 b6 81. Rh5 Rc4+ 82. Kb3 Rc5 83. Rh6 Kb5 84. Rh4 Rf5 85. Rh3 a4+ 86.
Ka3 Ka5 87. Rh8 Rf3+ 88. Kb2 b5 89. Rh4 a3+ 90. Ka2 b4 91. Rh8 Rf2+ 92. Kb1 Ka4
93. Rh3 b3 94. Rh4+ Kb5 95. Rh5+ Kc4 96. Rh4+ Kd5 97. Rh5+ Ke4 98. Rh4+ Kf5 99.
Rh5+ Kg4 100. Rh1 Kg3 101. Rc1 Kg2 0-1

[Event "Druzynowe Mistrzostwa Polski Juniorow 2019 - II Liga"]
[Site "Szczyrk"]
[Date "1899-12-30"]
[Round "5.74"]
[White "Klaska, Szymon"]
[Black "Wolak, Kamil"]
[Result "0-1"]
[WhiteTitle "III"]
[BlackTitle "I"]
[WhiteElo "1332"]
[BlackElo "1619"]

1. e4 c5 2. Nf3 Nc6 3. Bb5 g6 4. O-O Bg7 5. Re1 e5 6. Nc3 Nge7 7. d3 O-O 8. Nd5
d6 9. Bg5 f6 10. Nxe7+ Qxe7 11. Bc4+ Kh8 12. Be3 f5 13. exf5 Bxf5 14. h3 Rad8
15. Bd5 Nb4 16. Be4 Be6 17. c3 Nc6 18. d4 d5 19. Bc2 e4 20. Nh2 cxd4 21. cxd4
Qf6 22. Ng4 Bxg4 23. Qxg4 Nxd4 24. Bb3 Nxb3 25. axb3 d4 26. Bg5 Qxf2+ 27. Kh1
Rde8 28. Rxe4 Qxb2 29. Rae1 Rxe4 30. Qxe4 Qxb3 31. Rb1 Qg3 32. Bh4 Qc7 33. g3
Qc6 34. Qxc6 bxc6 35. Kg2 Bf6 36. Bxf6+ Rxf6 37. Rc1 d3 38. h4 d2 39. Rd1 Rd6
40. Kf2 Kg7 41. g4 Kf6 42. Ke3 c5 43. g5+ Kf5 0-1

[Event "Druzynowe Mistrzostwa Polski Juniorow 2019 - II Liga"]
[Site "Szczyrk"]
[Date "1899-12-30"]
[Round "5.75"]
[White "Bartuzi, Krzysztof"]
[Black "Franek, Diana"]
[Result "1-0"]
[WhiteTitle "II+"]
[BlackTitle "I"]
[WhiteElo "1392"]
[BlackElo "1318"]

1. e4 e5 2. Nf3 Nc6 3. d4 exd4 4. Nxd4 Bc5 5. Be3 Qf6 6. c3 Bb6 7. Bc4 Nge7 8.
O-O d6 9. Nb5 a6 10. Nxd6+ Qxd6 11. Qxd6 cxd6 12. Bxb6 Be6 13. Nd2 Nc8 14. Be3
O-O 15. Rad1 h6 16. Bxe6 fxe6 17. Nc4 Rd8 18. Rd2 Kf7 19. Rfd1 Ke7 20. Nxd6 Nxd6
21. Bc5 e5 22. f3 b5 23. Rxd6 Kf7 24. Kf2 Rac8 25. Rxc6 Rxc6 26. Rxd8 Rxc5 27.
Rd5 Rxd5 28. exd5 Ke7 29. b3 Kd6 30. c4 b4 31. h4 g6 32. h5 g5 33. Kg3 Kc5 34.
Kg4 Kd6 35. Kf5 a5 36. g4 Kc5 37. Kxe5 1-0

[Event "Druzynowe Mistrzostwa Polski Juniorow 2019 - II Liga"]
[Site "Szczyrk"]
[Date "1899-12-30"]
[Round "5.76"]
[White "Rosinski, Filip"]
[Black "Bartuzi, Michal"]
[Result "1-0"]
[WhiteTitle "II"]
[BlackTitle "II+"]
[WhiteElo "1375"]
[BlackElo "1193"]

1. e4 c5 2. Nf3 Nc6 3. d4 cxd4 4. Nxd4 g6 5. Be3 Bg7 6. Nc3 Nf6 7. Bc4 Qa5 8. f3
Qb4 9. Bb3 Nxe4 10. fxe4 Bxd4 11. Bxd4 Qxd4 12. Qf3 O-O 13. h4 d6 14. h5 g5 15.
h6 g4 16. Qf4 Qe5 17. Qe3 Nd4 18. O-O-O Nxb3+ 19. axb3 b5 20. Rd5 Qf6 21. Rxb5
e5 22. Nd5 Qd8 23. Nc7 f5 24. Nxa8 f4 25. Qd3 f3 26. gxf3 Qg5+ 27. Qd2 Qxd2+ 28.
Kxd2 gxf3 29. Rb8 f2 30. Rf1 d5 31. exd5 e4 32. Ke3 1-0

[Event "Druzynowe Mistrzostwa Polski Juniorow 2019 - II Liga"]
[Site "Szczyrk"]
[Date "1899-12-30"]
[Round "5.77"]
[White "Mirowska, Oliwia"]
[Black "Piotrowska, Florentyna"]
[Result "1/2-1/2"]
[WhiteTitle "I++"]
[BlackTitle "I"]
[WhiteElo "1735"]
[BlackElo "1278"]

1. f4 g6 2. Nf3 Bg7 3. g3 Nf6 4. Bg2 d5 5. d3 O-O 6. O-O e6 7. c3 Nbd7 8. Qe1 c5
9. e4 Rb8 10. h3 dxe4 11. dxe4 b6 12. Na3 Ba6 13. Rf2 Qc7 14. Rd2 Rbd8 15. c4
e5 16. f5 Qb7 17. Nh2 Nb8 18. b3 Nc6 19. Rxd8 Rxd8 20. Bg5 Qd7 21. Ng4 Qd6 22.
Kh1 Rd7 23. Ne3 Ne8 24. Rd1 Nd4 25. Nd5 Rb7 26. Qf2 f6 27. Be3 g5 28. Bf1 Bf8
29. Be2 Ng7 30. Rf1 h6 31. h4 Rf7 32. Bd1 Be7 33. g4 Ne8 34. Kg2 Bd8 35. Rh1 Rh7
36. Qg3 Qd7 37. Qh2 Qf7 38. Qg1 Qd7 39. Qe1 Qd6 40. Bd2 Qd7 41. Qe3 Qb7 42. Be2
Qd7 43. h5 Rf7 44. Rb1 Nd6 45. Rb2 Qc6 46. Nc2 Qc8 47. a3 Kg7 48. Bd3 Rd7 49.
Qf2 Rf7 50. Nce3 Bb7 51. b4 Ba6 52. Qf1 Rd7 53. b5 Bb7 54. a4 Rf7 55. Qe1 Qd7
56. a5 Qe8 57. axb6 axb6 58. Qd1 Nc8 59. Ra2 Bc7 60. Bc3 Bb8 61. Qa1 Qd7 62. Qb2
Qe8 63. Be1 Rd7 64. Bf2 Rf7 65. Nc2 Qd7 66. Ra1 Qd8 67. Re1 Qd7 68. Bg3 Bd6 69.
Nce3 Qd8 70. Ra1 Bb8 71. Nc2 Bd6 72. Ra2 Kg8 73. Nce3 Kg7 74. Nd1 Kg8 75. N1c3
Kg7 76. Na4 Bc7 77. Nxc7 Qxc7 78. Nc3 Qd7 79. Nd5 Qd6 80. Ra1 Kg8 81. Bf2 Kg7
82. Qc3 1/2-1/2

[Event "Druzynowe Mistrzostwa Polski Juniorow 2019 - II Liga"]
[Site "Szczyrk"]
[Date "1899-12-30"]
[Round "5.78"]
[White "Jedrzejewska, Zuzanna"]
[Black "Hals, Emilia"]
[Result "1-0"]
[WhiteTitle "I"]
[BlackTitle "I"]
[WhiteElo "1189"]
[BlackElo "1346"]

1. e4 c6 2. d4 d5 3. Nc3 g6 4. e5 Bg7 5. f4 h5 6. Nf3 Bg4 7. Be2 Bxf3 8. Bxf3 Nh6
9. Qe2 e6 10. Qf2 Nf5 11. Be3 Nd7 12. Be2 Qe7 13. O-O-O b5 14. Bd3 Nxe3 15. Qxe3
a5 16. Kb1 Rb8 17. h3 Nb6 18. g4 Kd7 19. f5 Bh6 20. fxe6+ Qxe6 21. Qf3 hxg4 22.
Qxg4 Qxg4 23. hxg4 Bg7 24. g5 Rxh1 25. Rxh1 Rh8 26. Rxh8 Bxh8 27. b3 Bg7 28. Kc1
Bf8 29. Kd2 Be7 30. Ke3 Bxg5+ 31. Kf3 Na8 32. Kg4 Bd2 33. Ne2 Nc7 34. a4 b4 35.
Kf3 Ne6 36. Ba6 Kc7 37. Bd3 Kb6 38. Kf2 Nc7 39. Kf3 c5 40. dxc5+ Kxc5 41. Kg4
d4 42. Kf3 Ne6 43. Bc4 Be3 44. Kg4 Kc6 45. Kf3 g5 46. Ke4 Kd7 47. Ng3 Bf4 48.
Nf5 g4 1-0

[Event "Druzynowe Mistrzostwa Polski Juniorow 2019 - II Liga"]
[Site "Szczyrk"]
[Date "1899-12-30"]
[Round "5.79"]
[White "Marczak, Szymon"]
[Black "Trybus, Daniel"]
[Result "1-0"]
[WhiteTitle "I++"]
[BlackTitle "I++"]
[WhiteElo "1857"]
[BlackElo "1957"]

1. b3 e5 2. Bb2 d6 3. e3 g6 4. d4 Nd7 5. Nf3 Bg7 6. dxe5 dxe5 7. Bc4 Ne7 8. O-O
O-O 9. Nc3 Nc6 10. Ba3 Re8 11. Qd5 Re6 12. Rad1 e4 13. Ng5 Bxc3 14. Nxe6 fxe6
15. Qxe6+ Kg7 16. f3 Nce5 17. Be7 Qe8 18. fxe4 Nxc4 19. bxc4 Qg8 20. Bf8+ Kh8
21. Qe7 a5 22. a3 Ra6 23. e5 Bxe5 24. Rxd7 Re6 25. Rd8 Rxe7 26. Bxe7 Be6 27. Rxg8+
Kxg8 28. c5 Bf5 29. Rf2 Kf7 30. g4 Kxe7 31. gxf5 Kd7 32. f6 1-0

[Event "Druzynowe Mistrzostwa Polski Juniorow 2019 - II Liga"]
[Site "Szczyrk"]
[Date "1899-12-30"]
[Round "5.80"]
[White "Lendzion, Kamil"]
[Black "Gabzdyl, Mateusz"]
[Result "1-0"]
[WhiteTitle "I"]
[BlackTitle "II"]
[WhiteElo "1795"]
[BlackElo "1222"]

1. e4 c5 2. Nf3 e6 3. d4 cxd4 4. Nxd4 a6 5. Bd3 Nc6 6. Nxc6 dxc6 7. O-O Qc7 8.
f4 Bc5+ 9. Kh1 Nf6 10. c4 b5 11. cxb5 cxb5 12. Qe2 O-O 13. Nd2 Bb7 14. e5 Nd5
15. Ne4 Rfd8 16. Bd2 Qb6 17. Qh5 h6 18. f5 exf5 19. Qxf5 Bf8 20. Nd6 Bxd6 21.
Qxf7+ Kh8 22. Qg6 1-0

[Event "Druzynowe Mistrzostwa Polski Juniorow 2019 - II Liga"]
[Site "Szczyrk"]
[Date "1899-12-30"]
[Round "5.81"]
[White "Wieczorek, Karol"]
[Black "Pazdzierz, Piotr"]
[Result "1-0"]
[WhiteTitle "II+"]
[BlackTitle "I"]
[WhiteElo "1502"]
[BlackElo "1722"]

1. d4 Nf6 2. c4 g6 3. Nf3 Bg7 4. Nc3 O-O 5. Bg5 d6 6. e3 Nbd7 7. Be2 c6 8. O-O
Qc7 9. Qc2 e5 10. dxe5 dxe5 11. Rfd1 Nc5 12. b4 Bf5 13. Qc1 Nce4 14. Nxe4 Bxe4
15. Rd2 h6 16. Bh4 Nh7 17. Ne1 g5 18. Bg3 Bg6 19. Bd3 Bxd3 20. Nxd3 f5 21. Nc5
Qc8 22. f3 b6 23. Nb3 f4 24. Bf2 fxe3 25. Bxe3 e4 26. Bd4 exf3 27. Bxg7 Kxg7 28.
Qc3+ Nf6 29. Qxf3 Qe6 30. Qc3 Rad8 31. c5 b5 32. Rad1 Rxd2 33. Qxd2 Re8 34. Nd4
Qe4 35. Qd3 Qxd3 36. Rxd3 Ng4 37. Rd1 Rc8 38. h3 Ne3 39. Re1 Nd5 40. a3 Kf7 41.
Re6 Nf6 42. Rxc6 Rd8 43. Nxb5 Rd1+ 44. Kh2 Rd3 45. Rd6 Re3 46. Rd4 h5 47. Rd1
a6 48. Nd6+ Kg6 49. Rc1 g4 50. hxg4 hxg4 51. Kg1 g3 52. Kf1 Rxa3 53. c6 Nd5 54.
c7 Nxc7 55. Rxc7 Rb3 56. Rb7 Kf6 57. Ke2 Ke5 58. Nc4+ Kd4 59. Nd2 Re3+ 60. Kd1
Kc3 61. b5 axb5 62. Rxb5 Kd4 63. Rb4+ Kc5 64. Rb3 Rxb3 65. Nxb3+ Kc4 66. Nc1 Kd5
67. Ne2 Ke5 68. Nxg3 Kf4 69. Nf1 Kg4 70. Ke2 Kf4 71. Kf2 Kg4 72. Ke3 Kg5 73. Kf3
Kf5 74. Nd2 Kg5 75. Kg3 1-0

[Event "Druzynowe Mistrzostwa Polski Juniorow 2019 - II Liga"]
[Site "Szczyrk"]
[Date "1899-12-30"]
[Round "5.82"]
[White "Mocko, Maciej"]
[Black "Grzybek, Mikolaj"]
[Result "0-1"]
[WhiteTitle "II"]
[BlackTitle "II"]
[WhiteElo "1385"]
[BlackElo "1305"]

1. d3 d5 2. g3 Nf6 3. Bg2 g6 4. Nf3 Bg7 5. O-O O-O 6. c3 c6 7. Qc2 Re8 8. Nbd2
e5 9. e4 dxe4 10. Nxe4 Nd5 11. Re1 Qc7 12. Bg5 Na6 13. Re2 Bd7 14. Rae1 f5 15.
Ned2 f4 16. d4 Bf5 17. Qb3 Bd3 18. Nxe5 Bxe2 19. Bxd5+ cxd5 20. Qxd5+ Kf8 21.
Nd7+ Qxd7 22. Qxd7 f3 23. Qxb7 Rab8 24. Qc6 Rb6 25. Qd5 h6 26. Nxf3 Rbe6 27. Bf4
Bxf3 28. Rxe6 Bxd5 29. Bd6+ Kf7 30. Rxe8 Kxe8 31. b3 Kd7 32. Bf4 Be4 33. Kf1 Bb1
34. a3 Bc2 35. b4 Nc7 36. Ke2 Nb5 37. Bc1 Bb3 38. Kd3 Nd6 39. g4 Bc4+ 40. Ke3
h5 41. g5 Kc6 42. a4 a5 43. Ba3 Bb3 44. bxa5 Nc4+ 45. Ke4 Nxa3 46. a6 Bd5+ 0-1

[Event "Druzynowe Mistrzostwa Polski Juniorow 2019 - II Liga"]
[Site "Szczyrk"]
[Date "1899-12-30"]
[Round "5.83"]
[White "Zamarska, Sylwia"]
[Black "Zarebska, Lena"]
[Result "1/2-1/2"]
[WhiteTitle "I++"]
[BlackTitle "I++"]
[WhiteElo "1628"]
[BlackElo "1773"]

1. d4 Nf6 2. Bf4 c5 3. e3 Qb6 4. Nc3 a6 5. Rb1 d6 6. Nf3 Bf5 7. Bd3 Bxd3 8. Qxd3
g6 9. O-O Bg7 10. Ne4 cxd4 11. exd4 O-O 12. Nxf6+ Bxf6 13. c3 Re8 14. d5 Nd7 15.
Rfe1 Nc5 16. Qd2 Qb5 17. Bg5 Nd7 18. Re4 Ne5 19. Nxe5 Bxe5 20. f4 Bf6 21. Bxf6
exf6 22. Rbe1 Rxe4 23. Rxe4 Re8 24. Rxe8+ Qxe8 25. c4 Qc8 26. b3 Qc5+ 27. Qf2
Qb4 28. Qe2 Kg7 29. Kf2 Qc3 30. g3 Qc1 31. Kg2 h5 32. Qf1 Qe3 33. Qf3 Qd2+ 34.
Qf2 Qd3 35. Qf3 Qd4 36. Qf2 Qe4+ 37. Qf3 Qc2+ 38. Qf2 Qd1 39. Qb6 Qe2+ 40. Qf2
Qe4+ 1/2-1/2

[Event "Druzynowe Mistrzostwa Polski Juniorow 2019 - II Liga"]
[Site "Szczyrk"]
[Date "1899-12-30"]
[Round "5.84"]
[White "Anyz, Monika"]
[Black "Wasowicz, Anna"]
[Result "1-0"]
[WhiteTitle "I+"]
[BlackTitle "II"]
[WhiteElo "1404"]
[BlackElo "1000"]

1. e4 b6 2. d4 e6 3. Bd3 Bb7 4. Nf3 Nf6 5. Qe2 d5 6. e5 Nfd7 7. O-O c5 8. c3 Nc6
9. a3 a5 10. Bf4 Be7 11. Nbd2 O-O 12. g3 h6 13. h4 Kh8 14. Qe3 h5 15. Ng5 g6 16.
Qe2 cxd4 17. Nxe6 Qc8 18. Nxf8 Bxf8 19. e6 Nc5 20. exf7 Nxd3 21. Qxd3 Qe6 22.
cxd4 Qxf7 23. Rfe1 Ba6 24. Qe3 Ne7 25. Qe6 Qxe6 26. Rxe6 Nf5 27. Nf3 Kg7 28. Rxb6
Be2 29. Be5+ Kh6 30. Ng5 Ra7 31. Rc1 Ne7 32. Ne6 Ra8 33. Nxf8 Rxf8 34. Bf4+ Kh7
35. Re6 Nf5 36. Rxe2 Kg8 37. Be5 Re8 38. Rec2 Kh7 39. Rc8 Rxc8 40. Rxc8 Ng7 41.
Rc7 Kg8 42. Rxg7+ Kf8 43. b4 1-0

[Event "Druzynowe Mistrzostwa Polski Juniorow 2019 - II Liga"]
[Site "Szczyrk"]
[Date "1899-12-30"]
[Round "5.85"]
[White "Kania, Dominik"]
[Black "Derylo, Kamil"]
[Result "1/2-1/2"]
[WhiteTitle "I"]
[BlackTitle "I+"]
[WhiteElo "1948"]
[BlackElo "2030"]

1. d4 Nf6 2. Bg5 c6 3. c3 d5 4. Nd2 Bf5 5. e3 Nbd7 6. Ngf3 e6 7. Be2 Bd6 8. O-O
Qc7 9. c4 Ne4 10. Bh4 Nxd2 11. Qxd2 dxc4 12. Bxc4 O-O 13. Qe2 Be4 14. Bg3 Bxg3
15. hxg3 e5 16. Rfd1 Rad8 17. Rac1 exd4 18. Rxd4 Nf6 19. Rcd1 c5 20. R4d2 h6 21.
Bb3 a6 22. a4 Rxd2 23. Nxd2 Bc6 24. Qc4 Bd5 25. Qc3 b5 26. axb5 axb5 27. Bxd5
Nxd5 28. Qd3 Qc6 29. Nb3 Nb6 30. Na5 Qe8 31. Qd6 Na4 1/2-1/2

[Event "Druzynowe Mistrzostwa Polski Juniorow 2019 - II Liga"]
[Site "Szczyrk"]
[Date "1899-12-30"]
[Round "5.86"]
[White "Derylo, Adam"]
[Black "Gardian, Adam"]
[Result "0-1"]
[WhiteTitle "I"]
[BlackTitle "I"]
[WhiteElo "1460"]
[BlackElo "1770"]

1. Nf3 g6 2. d4 Nf6 3. Nc3 d5 4. g3 Bg7 5. Bg2 O-O 6. Bg5 c5 7. O-O Nc6 8. Qd2
cxd4 9. Nxd4 e5 10. Nb3 d4 11. Ne4 Nxe4 12. Bxe4 Qb6 13. c3 Be6 14. cxd4 Bxb3
15. axb3 Nxd4 16. Qe3 f6 17. Bh6 Nxe2+ 18. Kg2 Nd4 19. h4 Rad8 20. h5 f5 21. Bxg7
Kxg7 22. Bd3 Rde8 23. Bc4 Qc6+ 0-1

[Event "Druzynowe Mistrzostwa Polski Juniorow 2019 - II Liga"]
[Site "Szczyrk"]
[Date "1899-12-30"]
[Round "5.87"]
[White "Kubica, Dominik"]
[Black "Derylo, Maksymilian"]
[Result "0-1"]
[WhiteTitle "II+"]
[BlackTitle "II"]
[WhiteElo "1438"]
[BlackElo "1357"]

1. e4 c5 2. Nf3 e6 3. d4 cxd4 4. Nxd4 Nf6 5. Bd3 Bc5 6. Nb3 Be7 7. O-O O-O 8. Be3
Nc6 9. Nc3 b6 10. f4 d6 11. Qf3 e5 12. f5 Bb7 13. Rad1 Nb4 14. Bg5 Qc8 15. Rfe1
Rd8 16. a3 Nxd3 17. Rxd3 a6 18. Qd1 Qc6 19. Re2 Rd7 20. h4 a5 21. Rdd2 b5 22.
g3 b4 23. Nb1 Nxe4 24. Rd3 Nxg5 25. hxg5 Qh1+ 26. Kf2 Qg2+ 27. Ke1 Qg1+ 28. Kd2
Bxg5+ 29. Rde3 Bxe3+ 30. Rxe3 Qxd1+ 31. Kxd1 a4 32. N3d2 bxa3 33. Nxa3 h6 34.
Ndc4 Rb8 35. Kc1 e4 0-1

[Event "Druzynowe Mistrzostwa Polski Juniorow 2019 - II Liga"]
[Site "Szczyrk"]
[Date "1899-12-30"]
[Round "5.88"]
[White "Zhydachevskyy, Yulian"]
[Black "Zaborski, Igor"]
[Result "1/2-1/2"]
[WhiteTitle "II"]
[BlackTitle "II"]
[WhiteElo "1292"]
[BlackElo "1372"]

1. Nf3 Nf6 2. c4 d6 3. d4 g6 4. Bg5 Bg7 5. e3 O-O 6. Bd3 Nbd7 7. Qc2 e5 8. Bxf6
Qxf6 9. Nc3 c5 10. Nd5 Qd8 11. dxe5 Nxe5 12. Nxe5 Bxe5 13. O-O Be6 14. Be4 f5
15. f4 Bg7 16. Bf3 Qd7 17. Rad1 Rfe8 18. Rd3 Rad8 19. Rfd1 Bxd5 20. Bxd5+ Kf8
21. a4 a6 22. b3 Re7 23. Kf2 Qc7 24. Qd2 Bf6 25. Bf3 Red7 26. Rd5 Qb6 27. Qd3
Kf7 28. g4 fxg4 29. Bxg4 Re7 30. Kg2 Kg7 31. Bf3 Red7 32. Bg4 Re7 33. Rf1 Qb4
34. Rf3 Qe1 35. Qd2 1/2-1/2

[Event "Druzynowe Mistrzostwa Polski Juniorow 2019 - II Liga"]
[Site "Szczyrk"]
[Date "1899-12-30"]
[Round "5.89"]
[White "Lajdamik, Anna"]
[Black "Laszczuk, Zuzanna"]
[Result "1-0"]
[WhiteTitle "I"]
[BlackTitle "I"]
[WhiteElo "1324"]
[BlackElo "1323"]

1. e4 e5 2. d4 exd4 3. c3 d5 4. exd5 Qxd5 5. cxd4 Nc6 6. Nf3 Bg4 7. Be2 Bb4+ 8.
Nc3 Bxf3 9. Bxf3 Qe6+ 10. Be3 Rd8 11. O-O Nge7 12. Re1 Qf6 13. Ne4 Qg6 14. Re2
O-O 15. a3 Ba5 16. Ng3 Bb6 17. Bh5 Qf6 18. Ne4 Qh4 19. Bf3 Bxd4 20. Qb3 Bxe3 21.
fxe3 b6 22. Rc1 Rd7 23. g3 Qh3 24. Nf2 Qf5 25. Bxc6 Nxc6 26. Rxc6 Rfd8 27. e4
Qh5 28. Qc2 Qf3 29. Rxc7 Rxc7 30. Qxc7 Rf8 31. Rd2 Qf6 32. e5 Qg5 33. Rd7 h6 34.
Kg2 Kh7 35. g4 Qg6 36. Qd6 Re8 37. Qxg6+ fxg6 38. Nd3 a5 39. Rd6 b5 40. e6 1-0

[Event "Druzynowe Mistrzostwa Polski Juniorow 2019 - II Liga"]
[Site "Szczyrk"]
[Date "1899-12-30"]
[Round "5.90"]
[White "Majewska, Zuzanna"]
[Black "Jaros, Emilia"]
[Result "0-1"]
[WhiteTitle "II"]
[BlackTitle "I"]
[WhiteElo "1000"]
[BlackElo "1112"]

1. e4 e5 2. Nf3 Nc6 3. Bc4 Bc5 4. O-O Nf6 5. d4 Bxd4 6. Nxd4 Nxd4 7. f4 d6 8. fxe5
dxe5 9. Bg5 h6 10. Bxf6 gxf6 11. c3 Be6 12. cxd4 Bxc4 13. Qa4+ b5 14. Qd1 Bxf1
15. Kxf1 Qxd4 16. Qxd4 exd4 17. a4 bxa4 18. Rxa4 d3 19. Nd2 Ke7 20. Kf2 Rhg8 21.
Rc4 Rac8 22. Ra4 Rb8 23. Ra2 Rg5 24. b3 Rb7 25. g3 Re5 26. Ra4 f5 27. Ke3 fxe4
28. Rxe4 Rxe4+ 29. Kxe4 Ke6 30. Kxd3 f5 31. Ke3 c5 32. h3 a5 33. g4 Rb4 34. gxf5+
Kxf5 35. Kd3 Rh4 36. Nf1 Ke5 37. Kc3 Rxh3+ 38. Kc4 Kd6 39. Kb5 Rxb3+ 40. Kxa5
h5 41. Nd2 Rb4 42. Nf3 h4 43. Ne1 h3 44. Nd3 h2 45. Nf2 Rb2 46. Nh1 Rb1 47. Nf2
Rf1 48. Ne4+ Kc6 49. Nc3 h1=Q 50. Ka4 Qh4+ 51. Ka3 Qb4+ 52. Ka2 Rf2+ 0-1

[Event "Druzynowe Mistrzostwa Polski Juniorow 2019 - II Liga"]
[Site "Szczyrk"]
[Date "1899-12-30"]
[Round "5.91"]
[White "Gazda, Dominik"]
[Black "Strzelecki, Maciej"]
[Result "0-1"]
[WhiteTitle "I"]
[BlackTitle "k"]
[WhiteElo "1624"]
[BlackElo "1955"]

1. e4 e5 2. Nf3 Nc6 3. Bc4 Nf6 4. Ng5 d5 5. exd5 Na5 6. Bb5+ c6 7. dxc6 bxc6 8.
Qf3 Be7 9. Ne4 Nd5 10. Nbc3 Be6 11. Be2 f5 12. Ng3 e4 13. Ncxe4 fxe4 14. Qxe4
Qd7 15. O-O O-O 16. d4 Nf6 17. Qh4 Nc4 18. Re1 Rae8 19. Bd3 Nd6 20. Re5 Nfe4 21.
Bg5 Bxg5 22. Rxg5 Nxg5 23. Qxg5 Qf7 24. Rf1 Bc4 25. Qc5 Bxd3 26. cxd3 Nf5 27.
Ne4 Rxe4 28. dxe4 Ne3 0-1

[Event "Druzynowe Mistrzostwa Polski Juniorow 2019 - II Liga"]
[Site "Szczyrk"]
[Date "1899-12-30"]
[Round "5.92"]
[White "Guzik, Natalia"]
[Black "Jaszczuk, Mateusz"]
[Result "1-0"]
[WhiteTitle "I++"]
[BlackTitle "I"]
[WhiteElo "1638"]
[BlackElo "1508"]

1. e4 c5 2. Nf3 Nc6 3. d4 cxd4 4. Nxd4 Nf6 5. Nc3 d6 6. Bc4 g6 7. Bb3 Bg7 8. Be3
Bd7 9. f3 Qa5 10. Qd2 O-O 11. O-O-O Nxd4 12. Bxd4 b5 13. Kb1 b4 14. Nd5 Nxd5 15.
Bxd5 Rab8 16. Bxg7 Kxg7 17. h4 h6 18. f4 Bg4 19. Rdf1 Qc5 20. f5 e6 21. fxe6 fxe6
22. Bb3 h5 23. Qd3 a5 24. Rc1 Rf2 25. c3 Qe5 26. Qe3 Rbf8 27. Bd1 Bxd1 28. Rhxd1
Rxg2 29. Rf1 Rxf1 30. Rxf1 bxc3 31. Qa7+ Kh6 32. Qe3+ g5 33. hxg5+ Rxg5 34. Qxc3
Qxc3 35. bxc3 Re5 36. Rd1 h4 37. Rxd6 Rxe4 38. Rd3 Kg5 39. Rh3 Kg4 40. Rh1 h3
41. Kc2 Kg3 42. Kd3 Kg2 43. Rxh3 Ra4 44. Re3 Rxa2 45. Rxe6 Kf3 46. Rf6+ Kg4 47.
Kc4 Kg5 48. Ra6 Kf5 49. Kb5 Ke4 50. Rxa5 Rb2+ 51. Kc5 Ke5 52. Ra1 Ke6 53. Rd1
Rc2 54. c4 Rc3 55. Kb5 Rb3+ 56. Kc6 Rc3 57. Re1+ Kf7 58. c5 Rc2 59. Kd6 Rd2+ 60.
Kc7 Rc2 61. c6 Rc3 62. Kd7 Rd3+ 63. Kc8 Rc3 64. Kc7 Rc2 65. Re4 Rc3 66. Kd6 Rd3+
67. Kc7 Rc3 68. Kd7 Rd3+ 69. Kc8 Rc3 70. c7 Rc2 71. Kd7 Rd2+ 72. Kc6 Rc2+ 73.
Kd6 Rc1 74. Re5 Kf6 75. Rc5 1-0